Las mujeres en los parlamentos latinoamericanos

Na minha lista:
Detalhes bibliográficos
Principais autores: Rivera-Lira, Tirza (Autor), Arraztoa Jaimerena, María Teresa (Autor), Lazo Vitoria, Ximena Angélica (Autor)
Autor Corporativo: CEAL (Autor)
Outros Autores: Perivancich Hoyuelos, Claudia (autora)
Formato: Livro
Idioma:espanhol
Publicado em: Valparaíso Universidad Católica de Valparaíso 1993
Assuntos:
Tags: Adicionar Tag
Sem tags, seja o primeiro a adicionar uma tag!

MARC

LEADER 00000nam a2200000 a 4500
001 UCX7742
003 CL-VaPUC
008 931228e19930000CL |||||||||||||||||spa|d
082 0 4 |a 305.42  |b RIV  |2 21 
100 0 |a Rivera-Lira, Tirza  |e author  |9 324661 
700 0 |a Arraztoa Jaimerena, María Teresa  |e author  |9 324662 
700 |a Lazo Vitoria, Ximena Angélica  |e author  |9 819366 
700 |a Perivancich Hoyuelos, Claudia  |e autora  |9 863702 
110 2 |a CEAL  |e author  |9 324665 
245 1 4 |a Las mujeres en los parlamentos latinoamericanos 
300 |a 86 p 
942 |c BK 
945 |d 19931228 00:00:00  |a nfarias 
260 |a Valparaíso  |b Universidad Católica de Valparaíso  |c 1993 
650 0 |a Mujeres en la política  |9 321357 
650 0 |a Mujeres  |9 257649 
650 7 |a PARTICIPACION DE LA MUJER  |2 CL-VaPUC  |9 324666 
651 0 |a América Latina   |9 255027 
583 |a last modification  |c 19931228 00:00:00  |k Rodrigo Vera 
999 |c 227481  |d 227479 
952 |0 0  |1 0  |4 0  |6 305_420000000000000_RIV_1993  |7 0  |8 A  |9 226541  |a BIBHIS  |b BIBHIS  |d 2019-11-15  |i 2955334  |o 305.42 RIV 1993  |p 2955334  |r 2025-01-20  |w 2019-11-15  |y BK  |k HIS 
952 |0 0  |1 0  |4 0  |6 305_420000000000000_RIV_1993  |7 0  |8 A  |9 226542  |a BIBDER  |b BIBDER  |d 2019-11-15  |i 2973928  |o 305.42 RIV 1993  |p 2973928  |r 2023-01-25  |w 2019-11-15  |y BK  |k DER